000 00681nam a2200205 4500
001 PHD306
003 IN-BhIIT
005 20241118190313.0
008 241118b |||||||| |||| 00| 0 eng d
040 _aIN-BhIIT
041 _aeng
082 _a621.31
_bBAS/M
100 _aBasu, Himadri Sekhar
_eAuthor
_924857
245 _aMulti component electro-hydrodyanamic flows: A hybrid lattice boltzmann method based numerical study/
_c by Himadri Sekhar Basu
260 _aBhubaneswar :
_bIIT Bhubaneswar,
_c2024.
300 _axxxii,156p. :
_bill. ;
_c28 cm.
504 _aIncludes bibliographical references and index.
700 _aKondaraju, Sasidhar
_eGuide
_920085
942 _cTH
999 _c14495
_d14495